000 00229nam a22000857a 4500
008 160704b xxu||||| |||| 00| 0 eng d
100 _91917
_a Srivastava, D.N
245 _aGeneral Psychology
260 _aAgra
_bVinod Pustak Mandir
_c2005
999 _c1619
_d1619